| 000 | 00661nam a2200229Ia 4500 | ||
|---|---|---|---|
| 003 | OSt | ||
| 005 | 20220928111939.0 | ||
| 006 | a|||||r|||| 00| 0 | ||
| 007 | ta | ||
| 008 | 220927b |||||||| |||| 00| 0 eng d | ||
| 024 | _a36411 | ||
| 037 | _cReference Collections | ||
| 040 |
_aSDCL _cSDCL _beng |
||
| 041 |
_2eng _aeng |
||
| 082 | _aX.3wM9<-M80, M2 RR | ||
| 100 |
_aKadish Alon _9353851 |
||
| 245 | 0 | _aOxford Economists in the late nineteenth century. | |
| 260 |
_aOxford _bClarendon Press _c1982 |
||
| 300 |
_aix, 312p _ccm. |
||
| 942 |
_hX.3wM9<-M80, M2 RR _cREF _2CC |
||
| 999 |
_c742603 _d742603 |
||